ბათუმის შოთა რუსთაველის სახელმწიფო უნივერსიტეტის ბიბლიოთეკა

წმინდა მდინარე / (ბიბ.ჩანაწერი № 55769)

000 -ლიდერი
ფიქსირებული სიგრძის საკონტროლო ველი 01204nam a2200277Ia 4500
001 - საკონტროლო ნომერი
საკონტროლო ველი 22866
003 - საკონტროლო ნომრის იდენტიფიკატორი
საკონტროლო ველი GE_BSU
005 - ბოლო ოპერაციის თარიღი და დრო
საკონტროლო ველი 20230525163812.0
008 - ფიქსირებული სიგრძის მონაცემთა ელემენტები - ზოგადი ინფორმაცია
ფიქსირებული სიგრძის საკონტროლო ველი 181216s ||||ge |||||||||||||| ||geo||
020 ## - წიგნის საერთაშორისო სტანდარტული ნომერი
International Standard Book Number 9789941801488
040 ## - კატალოგიზაციის წყარო
Transcribing agency GE_BSU
041 ## - ენის კოდი
Language code of text/sound track or separate title geo
080 ## - უნივერსალური ათობითი კლასიფიკაციის ინდექსი
Universal Decimal Classification number 821.112.1-1 ნ-60
100 ## - მთავარი ჩანაწერი - პიროვნების სახელი
Personal name ნიდერლე, ჰელმუტ ა.
9 (RLIN) 18238
245 ## - ცნობა სათაურის შესახებ
Title წმინდა მდინარე /
Statement of responsibility, etc ჰელმუტ ა. ნიდერლე ; გერმ. თარგმნა დ. ბარბააძემ ; მხატვ. ა. მგალობლიშვილი.
264 ## - წარმოების, გამოცემის, დისტრიბუციის და სხვა ცნობები
გამოცემის, წარმოების, დისტრიბუციის... ადგილი თბილისი :
გამოცემის, წარმოების, დისტრიბუციის... სახელწოდება [?],
გამოცემის, წარმოების, დისტრიბუციის... თარიღი 2018.
300 ## - ფიზიკური აღწერა
Extent 127გვ. ;
Dimensions 22 სმ.
500 ## - ზოგადი შენიშვნა
General note პარალელური სათაური ინგლისურ ენაზე
520 ## - SUMMARY, ETC.
Summary, etc პარალ. სათ. ინგლ.
653 ## - INDEX TERM--UNCONTROLLED
Uncontrolled term ავსტრიული პოეზია
653 ## - INDEX TERM--UNCONTROLLED
Uncontrolled term წმინდა მდინარე
700 ## - ADDED ENTRY--PERSONAL NAME
Personal name ბარბააძე, დ.
Relator term მთარგმნელი
9 (RLIN) 18239
700 ## - ADDED ENTRY--PERSONAL NAME
Personal name მგალობლიშვილი, ა.
Relator term მხატვარი
9 (RLIN) 18240
942 ## - ADDED ENTRY ELEMENTS (KOHA)
Koha item type წიგნი
Source of classification or shelving scheme
ეგზემპლარები
ჩამოწერის სტატუსი დაკარგული ეგზემპლარის სტატუსი კლასიფიკაციის წყარო ან თაროზე გაწყობის სქემა დაზიანების სტატუსი არ გაიცემა მუდმივი მდებარეობა (დაცვის ადგილი) ამჟამინდელი ადგილსამყოფელი თაროზე განთავსების ადგილი შეძენის თარიღი ღირებულება, შესყიდვის ნორმალური ფასი სრული შენახვის შიფრი შტრიხკოდი ბოლო ოპერაციის თარიღი ეგზემპლარის მიმდევრობითი ნომერი (კეტერი?) ფასის ძალაში შესვლის თარიღი ეგზემპლარის სახეობა საჯარო შენიშვნა
          ბათუმის შოთა რუსთაველის სახელმწიფო უნივერსიტეტის მთავარი ბიბლიოთეკა ბათუმის შოთა რუსთაველის სახელმწიფო უნივერსიტეტის მთავარი ბიბლიოთეკა წიგნსაცავი 2018-12-17 5.00 821.112.1-1 ნ-60 58327 2018-12-17 58327 2018-12-17 წიგნი 5.00 ₾.